000 00695cam a2200229 4500
001 ABS62122
008 000000n2000 000 0 eng u
035 _a(Sirsi) u104951
100 _aSydenham, A.
245 _aDown on the farm
260 _c2000
490 _aEstates Gazette
_v(0011) 18 March 2000, 136-138(3)
520 _aDiscusses legal developments over the last year which are of relevance to rural practitioners.
590 _aABS
650 _aMILK QUOTAS
650 _aSUBTENANCIES
650 _aPROPERTY-LANDLORD AND TENANT-TENANCIES-AGRICULTURAL TENANCIES
650 _aRIGHTS OF COMMON
650 _aBoundary disputes
_96221
690 _aRural
_96268
942 _n0
999 _c62959
_d62959